000 00477nam a2200169Ia 4500
999 _c992
_d992
003 OSt
005 20210115152859.0
008 190216s9999||||xx |||||||||||||| ||und||
040 _coclc
082 _a892.7
_bMUS/A
100 _aMusthafa, Nasif
_98302
245 0 _aAl Arabiya Lil Hayath /
_cNasif Musthafa ; Abu Salih
260 _bKing Soud University,
_aRiyad:
300 _a250p
650 _aArabic
942 _cBK
_2ddc
_h892.7
_iMUS/A
_k892.7
_mMUS/A